| 000 | 00630nam a2200205 a 4500 | ||
|---|---|---|---|
| 001 | 1600 | ||
| 005 | 20140414131951.0 | ||
| 008 | 020829s19uu xx 00 eng d | ||
| 020 | _a1-74078-028-0 | ||
| 050 |
_aTR 428.4 _bC793S 2000 |
||
| 100 | _aCooper-Trent, Jennifer | ||
| 245 |
_aThe song : _bearly reader No. 29 / _cJennifer Cooper-Trent. |
||
| 260 |
_aPhilippines : _bSoundscope Literature, _c[n.d.] |
||
| 300 | _a1 v. p. ; cm. | ||
| 440 | _aFuntastic Phonics Series 2 | ||
| 500 | _aSeries (1-20) ; Series (21-40) ; Series (41-60) | ||
| 650 |
_aReading _xJuvenile literature. |
||
| 650 | _aPhonetics. | ||
| 999 |
_c112788 _d112788 |
||